Now United Members - Statistics

General Stats
  • This quiz has been taken 190 times
  • The average score is 12 of 14
Answer Stats
Country Member % Correct
United States Noah Urrea
94%
Mexico Sabina Hidalgo
94%
Canada Josh Beauchamp
93%
Brazil Any Gabrielly
92%
Philippines Bailey May
89%
Germany Sina Deinert
89%
South Korea Heyoon Jeong
88%
China Krystian Wang
82%
Russia Sofya Plotnikova
82%
India Shivani Paliwal
79%
Senegal Diarra Sylla
78%
United Kingdom Lamar Morris
78%
Japan Hina Yoshihara
75%
Finland Joalin Loukamaa
73%
No matching quizzes found
Score Distribution
Percent of People with Each Score
Percentile by Number Answered
Your Score History
You have not taken this quiz